[Event "Sterlitamak Rochinskiy op"]
[Site "Sterlitamak"]
[Date "2012.06.28"]
[Round "7"]
[White "Valiakhmedova, Lilija"]
[Black "Lushnikov, Sergej"]
[Result "1-0"]
[WhiteElo "2005"]
[BlackElo "1769"]
[PlyCount "95"]
[EventDate "2012.06.22"]
[EventType "swiss"]
[EventRounds "9"]
[EventCountry "RUS"]
[SourceTitle "EXT 2013"]
[Source "ChessBase"]
[SourceDate "2012.11.22"]
[SourceVersion "1"]
[SourceVersionDate "2012.11.22"]
[SourceQuality "1"]

1. b3 d5 2. Bb2 Nf6 3. g3 Bg4 4. Bg2 e6 5. d3 Bd6 6. Qd2 0-0 7. h3 Bh5 8. g4 Bg6 9. f4 c6 10. Bf3 Nbd7 11. h4 h5 12. g5 Ne8 13. e3 e5 14. Ne2 e4 15. dxe4 dxe4 16. Bg2 Qe7 17. Ng3 f5 18. Qd1 Qf7 19. Bf1 Nb6 20. Be2 Rd8 21. Nd2 Bxf4 22. exf4 e3 23. Bc3 exd2+ 24. Bxd2 Qd5 25. Bb4 Rf7 26. c4 Qxd1+ 27. Rxd1 Rfd7 28. Rxd7 Rxd7 29. Nxh5 Rd4 30. Rf1 Nd7 31. Ng3 c5 32. Bc3 Rd6 33. h5 Bf7 34. Nxf5 Ra6 35. a4 Rb6 36. Bd1 Be6 37. Ne3 Nd6 38. f5 Bf7 39. g6 Be8 40. Nd5 Ra6 41. f6 gxf6 42. Nxf6+ Nxf6 43. Rxf6 Ne4 44. Rxa6 bxa6 45. Be5 Bd7 46. Bf3 Ng5 47. Bd5+ Ne6 48. h6 1-0

[Event "Sterlitamak Rochinskiy op"]
[Site "Sterlitamak"]
[Date "2012.06.26"]
[Round "5"]
[White "Kajumov, Karim"]
[Black "Lushnikov, Sergej"]
[Result "0-1"]
[WhiteElo "1960"]
[BlackElo "1769"]
[PlyCount "52"]
[EventDate "2012.06.22"]
[EventType "swiss"]
[EventRounds "9"]
[EventCountry "RUS"]
[SourceTitle "EXT 2013"]
[Source "ChessBase"]
[SourceDate "2012.11.22"]
[SourceVersion "1"]
[SourceVersionDate "2012.11.22"]
[SourceQuality "1"]

1. e4 e5 2. Nf3 Nc6 3. d4 exd4 4. Nxd4 Bb4+ 5. c3 Bc5 6. Be3 Bb6 7. Bc4 Nf6 8. Nxc6 bxc6 9. e5 Bxe3 10. exf6 Bh6 11. Qe2+ Kf8 12. fxg7+ Kxg7 13. 0-0 Re8 14. Qc2 Qg5 15. Bd3 d5 16. f4 Qg4 17. f5 f6 18. Nd2 c5 19. Nf3 c4 20. Qa4 Bxf5 21. Ne5 Rxe5 22. Bxf5 Rxf5 23. Qc6 Rxf1+ 24. Rxf1 Rf8 25. Qxd5 Qe2 26. Qb5 Be3+ 0-1

[Event "Sterlitamak Rochinskiy op"]
[Site "Sterlitamak"]
[Date "2012.06.23"]
[Round "2"]
[White "Lushnikov, Sergej"]
[Black "Fakhriev, Dim"]
[Result "1/2-1/2"]
[WhiteElo "1769"]
[BlackElo "2150"]
[PlyCount "60"]
[EventDate "2012.06.22"]
[EventType "swiss"]
[EventRounds "9"]
[EventCountry "RUS"]
[SourceTitle "EXT 2013"]
[Source "ChessBase"]
[SourceDate "2012.11.22"]
[SourceVersion "1"]
[SourceVersionDate "2012.11.22"]
[SourceQuality "1"]

1. e4 d6 2. d4 c6 3. Nf3 Qc7 4. c4 e5 5. dxe5 dxe5 6. Bg5 Be7 7. Qb3 Na6 8. Nbd2 Nf6 9. Qc3 Bb4 10. Qxe5+ Qxe5 11. Nxe5 Nxe4 12. Be3 Nxd2 13. Bxd2 Bxd2+ 14. Kxd2 Be6 15. Re1 0-0-0+ 16. Kc3 Rhe8 17. Bd3 g6 18. Re3 f6 19. Nf3 Bf7 20. Rhe1 Nc5 21. Rxe8 Rxe8 22. Rxe8+ Bxe8 23. Nd4 Nxd3 24. Kxd3 Bf7 25. f4 Kd7 26. g4 c5 27. Nb5 a6 28. Nc3 f5 29. g5 Ke6 30. a4 b6 1/2-1/2

[Event "Sterlitamak Rochinskiy op"]
[Site "Sterlitamak"]
[Date "2012.06.22"]
[Round "1"]
[White "Baemov, Ilnur"]
[Black "Lushnikov, Sergej"]
[Result "1/2-1/2"]
[WhiteElo "2197"]
[BlackElo "1769"]
[PlyCount "25"]
[EventDate "2012.06.22"]
[EventType "swiss"]
[EventRounds "9"]
[EventCountry "RUS"]
[SourceTitle "EXT 2013"]
[Source "ChessBase"]
[SourceDate "2012.11.22"]
[SourceVersion "1"]
[SourceVersionDate "2012.11.22"]
[SourceQuality "1"]

1. e4 e5 2. Bc4 Nf6 3. d3 Nc6 4. Nc3 Bc5 5. Bg5 h6 6. Bh4 d6 7. Nge2 Be6 8. Qd2 Bxc4 9. dxc4 Nxe4 10. Nxe4 Qxh4 11. N2g3 0-0-0 12. 0-0 Bb6 13. Rfe1 1/2-1/2